Úplné znenie zákona č. 212/1995 Z.z. o koncesionárskych poplatkoch ...
Úplné znenie zákona č. 212/1995 Z.z. o koncesionárskych poplatkoch a o zmene zákona č. 468/1991 Zb. o prevádzkovaní rozhlasového a televízneho vysielania v znení neskorších zákonov a zákona č. 188/1999 Z.z. Otázky a odpovede k zákonu č. 188/1999 Z.z.
Salvato in:
| Natura: | Capitolo di libro |
|---|---|
| Lingua: | slovacco |
| Soggetti: | |
| Tags: |
Nessun Tag, puoi essere il primo ad aggiungerne!!
|
MARC
| LEADER | 00000naa a2200000 4500 | ||
|---|---|---|---|
| 001 | r036160 | ||
| 005 | 20230809074433.6 | ||
| 041 | 0 | |a slo | |
| 044 | |a SK | ||
| 245 | 1 | 0 | |a Úplné znenie zákona č. 212/1995 Z.z. o koncesionárskych poplatkoch ... |
| 520 | |a Úplné znenie zákona č. 212/1995 Z.z. o koncesionárskych poplatkoch a o zmene zákona č. 468/1991 Zb. o prevádzkovaní rozhlasového a televízneho vysielania v znení neskorších zákonov a zákona č. 188/1999 Z.z. Otázky a odpovede k zákonu č. 188/1999 Z.z. | ||
| 610 | 2 | 0 | |a rozhlas |
| 610 | 2 | 0 | |a televízia |
| 610 | 2 | 0 | |a koncesie |
| 610 | 2 | 0 | |a poplatky |
| 610 | 2 | 0 | |a zákony |
| 610 | 2 | 0 | |a Slovensko |
| 610 | 2 | 0 | |a 1995-1999 |